[Event "British-ch 5-day op AM Week 1"]
[Site "Torquay"]
[Date "2013.08.01"]
[Round "4.1"]
[White "Grant, David"]
[Black "Abbas, Daniel Karim"]
[Result "1/2-1/2"]
[WhiteElo "1863"]
[BlackElo "1943"]
[PlyCount "55"]
[EventDate "2013.07.29"]
[EventType "swiss"]
[EventRounds "5"]
[EventCountry "ENG"]
[SourceTitle "EXT 2023"]
[Source "ChessBase"]
[SourceDate "2022.10.05"]
[SourceVersion "1"]
[SourceVersionDate "2022.10.05"]
[SourceQuality "1"]

1. e4 c5 2. c3 d5 3. exd5 Qxd5 4. Nf3 g6 5. d4 Bg7 6. Be3 cxd4 7. cxd4 Nc6 8. Nc3 Qa5 9. Bc4 Nh6 10. 0-0 0-0 11. d5 Qb4 12. Qd2 Nf5 13. Be2 Ncd4 14. Nxd4 Nxd4 15. Bd3 Bd7 16. Rab1 Nf5 17. a3 Qh4 18. Bg5 Bh6 19. Bxh4 Bxd2 20. Bxf5 Bxf5 21. Rbd1 Bxc3 22. bxc3 f6 23. Rfe1 Kf7 24. f3 Rac8 25. g4 Bc2 26. Rd2 Bb3 27. Rde2 Rfe8 28. d6 1/2-1/2

[Event "SCO-ch"]
[Site "Hamilton"]
[Date "2010.07.15"]
[Round "7"]
[White "Smith, Stephen H"]
[Black "Grant, David"]
[Result "0-1"]
[WhiteElo "1793"]
[BlackElo "1851"]
[PlyCount "48"]
[EventDate "2010.07.11"]
[EventType "swiss"]
[EventRounds "9"]
[EventCountry "SCO"]
[SourceTitle "EXT 2023"]
[Source "ChessBase"]
[SourceDate "2022.10.05"]
[SourceVersion "1"]
[SourceVersionDate "2022.10.05"]
[SourceQuality "1"]

1. e4 g6 2. d4 Bg7 3. f4 d6 4. Nf3 c5 5. Nc3 cxd4 6. Nxd4 Nc6 7. Nb3 Nf6 8. Be3 Ng4 9. Bg1 0-0 10. Be2 Nf6 11. Be3 Bd7 12. 0-0 Na5 13. Nxa5 Qxa5 14. g4 Rfc8 15. g5 Rxc3 16. gxf6 Rxe3 17. fxg7 Rxe4 18. Bd3 Qb6+ 19. Kg2 Re3 20. Rf2 Qxb2 21. f5 Qxg7 22. fxg6 hxg6 23. Rb1 Qe5 24. Kf1 Qd5 0-1

[Event "Gibraltar Masters 8th"]
[Site "Caleta"]
[Date "2010.01.30"]
[Round "5"]
[White "Grant, David"]
[Black "Pettersen, Joar Gullestad"]
[Result "0-1"]
[WhiteElo "1913"]
[BlackElo "2020"]
[PlyCount "36"]
[EventDate "2010.01.26"]
[EventType "swiss"]
[EventRounds "10"]
[EventCountry "GGB"]
[SourceTitle "CBM 134 Extra"]
[Source "ChessBase"]
[SourceDate "2010.03.03"]
[SourceVersion "1"]
[SourceVersionDate "2010.03.03"]
[SourceQuality "1"]

1. e4 c6 2. d4 d5 3. e5 Bf5 4. h4 h5 5. Be2 g6 6. Nh3 e6 7. Ng5 c5 8. c3 Nc6 9. g4 Bxg4 10. Bxg4 hxg4 11. Qxg4 Nh6 12. Qd1 cxd4 13. cxd4 Nf5 14. h5 Ncxd4 15. Nxf7 Bb4+ 16. Nc3 Kxf7 17. a3 Be7 18. Qg4 Qg8 0-1

[Event "Gibraltar Masters 8th"]
[Site "Caleta"]
[Date "2010.01.29"]
[Round "4"]
[White "Aerni, Andreas"]
[Black "Grant, David"]
[Result "1-0"]
[WhiteElo "2137"]
[BlackElo "1913"]
[PlyCount "55"]
[EventDate "2010.01.26"]
[EventType "swiss"]
[EventRounds "10"]
[EventCountry "GGB"]
[SourceTitle "CBM 134 Extra"]
[Source "ChessBase"]
[SourceDate "2010.03.03"]
[SourceVersion "1"]
[SourceVersionDate "2010.03.03"]
[SourceQuality "1"]

1. d4 g6 2. e4 Bg7 3. Nc3 d6 4. f4 c5 5. dxc5 Qa5 6. cxd6 Bxc3+ 7. bxc3 Qxc3+ 8. Bd2 Qd4 9. Bd3 Qxd6 10. Nf3 Nc6 11. 0-0 Nh6 12. Kh1 Qc5 13. Qe1 Ng4 14. h3 h5 15. f5 Nge5 16. fxg6 Nxg6 17. Rb1 e5 18. Rb5 Qe7 19. Bc4 Nd8 20. Bb4 Qc7 21. Rc5 Nc6 22. Ng5 f6 23. Bf7+ Qxf7 24. Nxf7 Kxf7 25. Bd2 Nce7 26. Rc7 Rd8 27. Qf2 Rd6 28. Bg5 1-0

[Event "Gibraltar Challengers-A 8th"]
[Site "Caleta"]
[Date "2010.01.26"]
[Round "1"]
[White "Grant, David"]
[Black "Bryn, Askild"]
[Result "1/2-1/2"]
[WhiteElo "1913"]
[BlackElo "2036"]
[PlyCount "73"]
[EventDate "2010.01.26"]
[EventType "swiss"]
[EventRounds "5"]
[EventCountry "GGB"]
[SourceTitle "CBM 134 Extra"]
[Source "ChessBase"]
[SourceDate "2010.03.03"]
[SourceVersion "1"]
[SourceVersionDate "2010.03.03"]
[SourceQuality "1"]

1. e4 c5 2. c3 e6 3. d4 d5 4. exd5 Qxd5 5. Na3 Bd7 6. Nc2 cxd4 7. Qxd4 Nf6 8. Nf3 Nc6 9. Qxd5 Nxd5 10. Bc4 Nb6 11. Be2 e5 12. 0-0 f6 13. Rd1 Be6 14. Be3 Nd5 15. Bb5 Nxe3 16. Bxc6+ bxc6 17. Nxe3 Be7 18. b4 a5 19. a3 Kf7 20. Nd2 axb4 21. axb4 Rxa1 22. Rxa1 Rd8 23. Ndc4 Rd3 24. Rc1 Ke8 25. Kf1 Rd8 26. Na5 Kd7 27. Nac4 Rb8 28. Ra1 Rb7 29. Ra6 Bd8 30. Na5 Bxa5 31. Rxa5 Kd6 32. Rc5 Ra7 33. Nc4+ Bxc4+ 34. Rxc4 Ra2 35. g3 g5 36. Kg2 h5 37. h3 1/2-1/2

[Event "Weymouth op"]
[Site "Weymouth"]
[Date "2008.10.25"]
[Round "3"]
[White "Pleasants, Allan J"]
[Black "Grant, David"]
[Result "0-1"]
[WhiteElo "2100"]
[BlackElo "1912"]
[PlyCount "86"]
[EventDate "2008.10.24"]
[EventType "swiss"]
[EventRounds "5"]
[EventCountry "ENG"]
[SourceTitle "EXT 2009"]
[Source "ChessBase"]
[SourceDate "2008.11.26"]
[SourceVersion "1"]
[SourceVersionDate "2008.11.26"]
[SourceQuality "1"]

1. e4 c5 2. Nf3 d6 3. d4 cxd4 4. Nxd4 Nf6 5. Nc3 g6 6. Be3 Bg7 7. Bc4 Nc6 8. f3 Bd7 9. Qd2 0-0 10. 0-0 Rc8 11. Bb3 a6 12. a4 Ne5 13. Rad1 Qc7 14. Kh1 Nc4 15. Bxc4 Qxc4 16. a5 e6 17. Bh6 Rfd8 18. Bxg7 Kxg7 19. f4 e5 20. fxe5 dxe5 21. Qg5 Ng4 22. Nde2 h6 23. Qh4 Qe6 24. Qg3 h5 25. h3 Nf6 26. Rd3 Be8 27. Rdf3 Nd7 28. Qg5 f6 29. Qh4 g5 30. Qf2 h4 31. Qe3 Bh5 32. R3f2 Rf8 33. Ng1 Rf7 34. Nd5 Bg6 35. Nf3 Rc4 36. Nc3 Nc5 37. Nxg5 fxg5 38. Rxf7+ Bxf7 39. Qxg5+ Bg6 40. Qd8 Nxe4 41. Nxe4 Bxe4 42. Qg5+ Bg6 43. Re1 Qf6 0-1

[Event "Grangemouth op"]
[Site "Grangemouth"]
[Date "2008.09.06"]
[Round "3"]
[White "Grant, David"]
[Black "Marks, Ian Alexander"]
[Result "1/2-1/2"]
[WhiteElo "1808"]
[BlackElo "1879"]
[PlyCount "110"]
[EventDate "2008.09.05"]
[EventType "swiss"]
[EventRounds "5"]
[EventCountry "SCO"]
[SourceTitle "EXT 2011"]
[Source "ChessBase"]
[SourceDate "2010.11.26"]
[SourceVersion "1"]
[SourceVersionDate "2010.11.26"]
[SourceQuality "1"]

1. e4 e6 2. d4 d5 3. Nd2 dxe4 4. Nxe4 Bd7 5. Nf3 Bc6 6. Bd3 Nd7 7. 0-0 Ngf6 8. Ng3 Be7 9. c3 0-0 10. Re1 Bxf3 11. Qxf3 c6 12. Bg5 Qa5 13. Bxf6 Nxf6 14. Re5 Qb6 15. Nh5 Rad8 16. b3 Rd7 17. Rg5 Nxh5 18. Qxh5 f5 19. Rg3 Bf6 20. Bc4 Re7 21. Qxf5 g6 22. Qg4 c5 23. dxc5 Qxc5 24. Rf3 Kg7 25. Re1 Rfe8 26. Qf4 Bg5 27. Qg3 Bf6 28. Qf4 Bg5 29. Qd4+ Qxd4 30. cxd4 Bf6 31. Re4 Rd8 32. Rxe6 Rxe6 33. Bxe6 Rxd4 34. g3 Rd2 35. a3 Rc2 36. Rd3 Rc7 37. Kg2 Bb2 38. a4 Kf6 39. Bc4 Ke7 40. h4 Rd7 41. Rxd7+ Kxd7 42. h5 gxh5 43. Bf7 Ke7 44. Bxh5 Kf6 45. Bf3 b6 46. Be2 Ke5 47. Kh3 Bd4 48. f3 Kf6 49. Kg4 Bf2 50. Kf4 h5 51. Bb5 Be1 52. g4 hxg4 53. fxg4 Bd2+ 54. Ke4 Kg5 55. Bd7 a5 1/2-1/2

[Event "BCF-chT4 0708 (4NCL)"]
[Site "England"]
[Date "2007.11.25"]
[Round "4.5"]
[White "Calvert, David Ian"]
[Black "Grant, David"]
[Result "1-0"]
[WhiteElo "2058"]
[BlackElo "1924"]
[PlyCount "107"]
[EventDate "2007.09.15"]
[EventType "team-swiss"]
[EventRounds "11"]
[EventCountry "ENG"]
[SourceTitle "EXT 2009"]
[Source "ChessBase"]
[SourceDate "2008.11.26"]
[SourceVersion "1"]
[SourceVersionDate "2008.11.26"]
[SourceQuality "1"]
[WhiteTeam "Metropolitan"]
[BlackTeam "Sussex Smart Controls"]
[WhiteTeamCountry "ENG"]
[BlackTeamCountry "ENG"]

1. b3 d5 2. Bb2 Nf6 3. Nf3 g6 4. c4 c6 5. g3 Bg7 6. Bg2 0-0 7. 0-0 Nbd7 8. d4 Nb6 9. Nbd2 Ne4 10. cxd5 cxd5 11. Nxe4 dxe4 12. Ne5 f6 13. Nc4 Nxc4 14. bxc4 f5 15. e3 Qc7 16. Qb3 e6 17. Rfd1 Bd7 18. Rac1 Rab8 19. d5 Bxb2 20. Qxb2 Rfc8 21. Bf1 Ba4 22. Rd4 e5 23. d6 Qb6 24. Qxb6 axb6 25. d7 Rd8 26. Rd6 Rxd7 27. Rxd7 Bxd7 28. Rb1 Bc6 29. Rxb6 Ra8 30. Rb2 Rd8 31. Be2 g5 32. Kf1 f4 33. Ke1 Kf7 34. Rd2 Rxd2 35. Kxd2 Ke6 36. Kc3 Kd6 37. Kb4 b6 38. Bd1 Bd7 39. Ba4 Be6 40. Bc2 Bf5 41. Kb5 Kc7 42. c5 Bd7+ 43. Kb4 Bc6 44. a4 h5 45. cxb6+ Kxb6 46. a5+ Kc7 47. Ba4 Bb7 48. Kc5 h4 49. Bb5 fxg3 50. fxg3 hxg3 51. hxg3 Ba8 52. Bc4 Bb7 53. Bd5 Bc8 54. Bxe4 1-0

[Event "BCF-chT4 0708 (4NCL)"]
[Site "England"]
[Date "2007.11.24"]
[Round "3.5"]
[White "Grant, David"]
[Black "Humphreys, Jerry"]
[Result "1/2-1/2"]
[WhiteElo "1924"]
[BlackElo "2078"]
[PlyCount "45"]
[EventDate "2007.09.15"]
[EventType "team-swiss"]
[EventRounds "11"]
[EventCountry "ENG"]
[SourceTitle "EXT 2009"]
[Source "ChessBase"]
[SourceDate "2008.11.26"]
[SourceVersion "1"]
[SourceVersionDate "2008.11.26"]
[SourceQuality "1"]
[WhiteTeam "Sussex Smart Controls"]
[BlackTeam "Bristol II"]
[WhiteTeamCountry "ENG"]
[BlackTeamCountry "ENG"]

1. e4 c5 2. c3 Nf6 3. e5 Nd5 4. g3 Qc7 5. Nf3 Nc6 6. Qe2 e6 7. Na3 a6 8. Bg2 d6 9. exd6 Bxd6 10. Nc4 Be7 11. 0-0 0-0 12. Rd1 Bf6 13. d4 cxd4 14. cxd4 Bd7 15. Bg5 Bxg5 16. Nxg5 h6 17. Ne4 Rad8 18. Rac1 Qb8 19. Ne3 Nce7 20. Nc5 Bc6 21. Bh3 Rfe8 22. Qh5 Nf6 23. Qe5 1/2-1/2

[Event "BCF-chT4 0607 (4NCL)"]
[Site "Sunningdale"]
[Date "2007.05.27"]
[Round "10.122"]
[White "Ross, Chris Neil"]
[Black "Grant, David"]
[Result "1-0"]
[WhiteElo "2135"]
[BlackElo "1914"]
[PlyCount "90"]
[EventDate "2006.09.16"]
[EventType "team-tourn"]
[EventRounds "11"]
[EventCountry "ENG"]
[SourceTitle "EXT 2008"]
[Source "ChessBase"]
[SourceDate "2007.11.25"]
[SourceVersion "1"]
[SourceVersionDate "2007.11.25"]
[SourceQuality "1"]
[WhiteTeam "Braille Chess Association"]
[BlackTeam "W Collective"]
[WhiteTeamCountry "ENG"]
[BlackTeamCountry "ENG"]

1. d4 Nf6 2. Nf3 g6 3. Nc3 d5 4. Bf4 Bg7 5. Qd2 0-0 6. Bh6 Ne4 7. Nxe4 dxe4 8. Bxg7 Kxg7 9. Ng5 Qd5 10. h4 h6 11. Nh3 e5 12. e3 Nc6 13. c4 Qd6 14. d5 Ne7 15. 0-0-0 c6 16. dxc6 Qxc6 17. Kb1 Be6 18. Qb4 Rfd8 19. Be2 Nf5 20. h5 Rac8 21. hxg6 f6 22. b3 Kxg6 23. g4 Nd6 24. Rc1 a5 25. Qxa5 Ra8 26. Qb4 Qa6 27. Rc2 Qc6 28. Ng1 Rac8 29. f4 exf3 30. Bxf3 e4 31. Be2 Nf7 32. Nh3 Ne5 33. Nf4+ Kg7 34. Qe7+ Bf7 35. Nh5+ Kg6 36. Nxf6 Rd6 37. g5 Rxf6 38. Qxe5 hxg5 39. Bh5+ Kg7 40. Qxg5+ Bg6 41. Bxg6 Rxg6 42. Qe7+ Kg8 43. Qh7+ Kf8 44. Rf2+ Ke8 45. Qf7+ Kd8 1-0

[Event "BCF-chT4 0607 (4NCL)"]
[Site "Sunningdale"]
[Date "2007.03.24"]
[Round "7.103"]
[White "Lowry O'Reilly, Hannah"]
[Black "Grant, David"]
[Result "1-0"]
[WhiteElo "1823"]
[BlackElo "1920"]
[PlyCount "103"]
[EventDate "2006.09.16"]
[EventType "team-tourn"]
[EventRounds "11"]
[EventCountry "ENG"]
[SourceTitle "EXT 2008"]
[Source "ChessBase"]
[SourceDate "2007.11.25"]
[SourceVersion "1"]
[SourceVersionDate "2007.11.25"]
[SourceQuality "1"]
[WhiteTeam "SC Stars"]
[BlackTeam "W Collective"]
[WhiteTeamCountry "ENG"]
[BlackTeamCountry "ENG"]

1. d4 Nf6 2. Bf4 g6 3. Nf3 Bg7 4. e3 0-0 5. c3 c5 6. Bd3 b6 7. 0-0 Bb7 8. Nbd2 d6 9. Qe2 Qc7 10. h3 Nbd7 11. Bh2 Rae8 12. Rfd1 Rd8 13. Bc2 cxd4 14. exd4 Rfe8 15. Re1 Nd5 16. Rac1 Bh6 17. Rcd1 Nf4 18. Qf1 Qc6 19. Ne4 f5 20. Bb3+ d5 21. Neg5 Bxg5 22. Nxg5 Nh5 23. Re3 Ng7 24. Rde1 e6 25. Qe2 Nf8 26. Qd1 h6 27. Nf3 Nd7 28. Bc2 Kf7 29. Bd3 a6 30. g4 g5 31. gxf5 exf5 32. Rxe8 Rxe8 33. Rxe8 Kxe8 34. Qe2+ Kf7 35. Bxa6 Bxa6 36. Qxa6 g4 37. hxg4 fxg4 38. Ne5+ Nxe5 39. Bxe5 Nf5 40. Qa7+ Kg6 41. Qb8 Qe6 42. Qd8 h5 43. a4 h4 44. a5 bxa5 45. Qxa5 g3 46. fxg3 Nxg3 47. Qc7 Nf5 48. Qd8 Qa6 49. Qg8+ Kh5 50. Kf2 Qc6 51. Kf3 Ng3 52. Qh7+ 1-0

[Event "Dundee & Angus op"]
[Site "Dundee"]
[Date "2007.??.??"]
[Round "3"]
[White "Grant, David"]
[Black "Donohue, Tom"]
[Result "0-1"]
[WhiteElo "1818"]
[BlackElo "2068"]
[PlyCount "136"]
[EventDate "2007.10.19"]
[EventType "swiss"]
[EventRounds "5"]
[EventCountry "SCO"]
[SourceTitle "EXT 2017"]
[Source "ChessBase"]
[SourceDate "2016.10.25"]
[SourceVersion "1"]
[SourceVersionDate "2016.10.25"]
[SourceQuality "1"]

1. e4 c5 2. c3 Nf6 3. e5 Nd5 4. d4 cxd4 5. cxd4 d6 6. f4 Nc6 7. Nf3 dxe5 8. fxe5 Bf5 9. a3 e6 10. Bd3 Bg6 11. 0-0 Be7 12. Nc3 0-0 13. Bxg6 hxg6 14. Qd3 Nxc3 15. bxc3 Rc8 16. Be3 Na5 17. Nd2 Qd5 18. Rfb1 a6 19. a4 Rc7 20. Rb2 Rfc8 21. Rc2 Nc4 22. Nxc4 Rxc4 23. Kh1 Qa5 24. Bd2 b5 25. Rf1 bxa4 26. Qf3 Rf8 27. Ra2 Qd5 28. Qxd5 exd5 29. Rb1 Ra8 30. Rb7 Kf8 31. Rd7 Rb8 32. h3 Rb1+ 33. Kh2 Ke8 34. Ra7 a3 35. Rxe7+ Kxe7 36. Rxa3 Rb6 37. Ra5 Ke6 38. Kg3 Rcc6 39. Kf3 Rb5 40. Ra4 a5 41. g3 Rc4 42. Ra2 a4 43. Ke3 Rb3 44. Kd3 a3 45. Kc2 Rb2+ 46. Rxb2 axb2 47. Kxb2 Kf5 48. h4 Ke4 49. Kc2 Kf3 50. Bf4 Rc6 51. Kd3 f6 52. exf6 gxf6 53. Kd2 Kg4 54. Kd3 g5 55. hxg5 fxg5 56. Be5 Kf3 57. Kd2 g4 58. Bf4 Ra6 59. c4 dxc4 60. d5 Ra5 61. d6 Ra3 62. Kc2 Rd3 63. Be5 Ke4 64. Bf4 Kf5 65. d7 Rxd7 66. Kc3 Ke4 67. Kxc4 Kf3 68. Bb8 Rd1 0-1

[Event "Dundee & Angus op"]
[Site "Dundee"]
[Date "2007.??.??"]
[Round "1"]
[White "Grant, David"]
[Black "Lennox, C Jonathan"]
[Result "1-0"]
[WhiteElo "1818"]
[BlackElo "2136"]
[PlyCount "121"]
[EventDate "2007.10.19"]
[EventType "swiss"]
[EventRounds "5"]
[EventCountry "SCO"]
[SourceTitle "EXT 2017"]
[Source "ChessBase"]
[SourceDate "2016.10.25"]
[SourceVersion "1"]
[SourceVersionDate "2016.10.25"]
[SourceQuality "1"]

1. e4 c5 2. c3 Nf6 3. e5 Nd5 4. d4 cxd4 5. cxd4 Nc6 6. f4 d6 7. Nf3 Bg4 8. Be2 e6 9. 0-0 Qb6 10. Nc3 Bxf3 11. Bxf3 Nxc3 12. bxc3 dxe5 13. fxe5 Be7 14. Kh1 0-0 15. Be4 Qa6 16. Bd2 Na5 17. Qg4 f5 18. exf6 Rxf6 19. Rxf6 Bxf6 20. Qh5 h6 21. Qg6 Nb3 22. Bxb7 Qxb7 23. axb3 Qxb3 24. Rf1 Rb8 25. h3 a5 26. Bxh6 a4 27. Rxf6 Qb1+ 28. Kh2 Qxg6 29. Rxg6 Kh7 30. Rxe6 gxh6 31. Ra6 Rc8 32. Rxa4 Rxc3 33. Ra5 Rd3 34. Rd5 Kg6 35. h4 Kf6 36. g3 Ke6 37. Rh5 Rxd4 38. Rxh6+ Kf5 39. Kh3 Rd3 40. Rh8 Kg6 41. Ra8 Rc3 42. Ra5 Rb3 43. h5+ Kh6 44. Kh4 Rb1 45. Ra6+ Kh7 46. g4 Rb4 47. Re6 Ra4 48. Kg3 Rb4 49. Kh4 Ra4 50. Kg5 Ra5+ 51. Kf4 Rb5 52. g5 Rb1 53. Re7+ Kg8 54. g6 Rg1 55. Kf5 Rg2 56. Ra7 Rg1 57. Kf6 Rf1+ 58. Kg5 Rf8 59. h6 Rb8 60. h7+ Kh8 61. Kh6 1-0